| 000 | 00396nam a2200157Ia 4500 | ||
|---|---|---|---|
| 008 | 220216s9999 xx 000 0 und d | ||
| 100 | _aRumao L | ||
| 245 | 0 | _aParis climate agreement: Is US in the wrong camp | |
| 260 |
_bTyre Asia _c2017 |
||
| 300 | _a26,27,118 | ||
| 500 | _aSource Year: 2017 | ||
| 650 | _aClimate agreement | ||
| 650 | _aParis | ||
| 650 | _aParis agreement | ||
| 942 | _cJS | ||
| 999 |
_c64602 _d64602 |
||